书目信息 |
| 题名: |
工业电视
|
|
| 作者: | 张兆扬 编 | |
| 分册: | 上册 | |
| 出版信息: | 北京 科学出版社 1982~1983 |
|
| 页数: | 373页 | |
| 开本: | 19cm | |
| 丛书名: | ||
| 单 册: | ||
| 中图分类: | TN949.2 | |
| 科图分类: | ||
| 主题词: | 工业电视 | |
| 电子资源: | ||
| ISBN: | ||
| 000 | 00630nam0 2200241 45 | |
| 001 | 0182006535 | |
| 005 | 20040518170759.9 | |
| 010 | @dCNY1.601 | |
| 091 | @aCN@b15031.419(1) | |
| 100 | @a19950308f19821983em y0chiy0121 ea | |
| 101 | 0 | @achi |
| 102 | @aCN@b110000 | |
| 105 | @ay z 000yy | |
| 106 | @ar | |
| 200 | 10 | @a工业电视@Agong ye dian shi@h上册@f张兆扬编 |
| 210 | @a北京@c科学出版社@d1982~1983 | |
| 215 | @a373页@d19cm | |
| 606 | @a工业电视 | |
| 690 | @aTN949.2@v3 | |
| 701 | 0 | @a张兆扬@Azhang zhao yang@4编 |
| 801 | 0 | @aCN@b上海图书馆@c20040518 |
| 801 | 2 | @aCN@bNLC@c20040518 |
| 905 | @f1@b144384@dTN949.2@e73:1 | |
| 工业电视.上册/张兆扬编.-北京:科学出版社,1982~1983 |
| 373页;19cm |
| ISBN :CNY1.601 |
| ● |
| 相关链接 |
|
|
|
|
正题名:工业电视
索取号:TN949.2/73:1
 
预约/预借
| 序号 | 登录号 | 条形码 | 馆藏地/架位号 | 状态 | 备注 |
| 1 | 0144384 | 001325934 | 第三借阅区/ [索取号:TN949.2/73:1] | 在馆 | |
| 2 | 0144385 | 001325970 | 第二样本阅览室/ [索取号:TN949.2/73:1] | 在馆 |